Desenvolve a tua Memória (Record no. 45286)

MARC details
000 -Etiqueta do registo
Valores 00396nam a2200169 4500
100 ## - Dados gerais de processamento
Dados gerais 20251210 pory50
101 ## - Língua de publicação
Língua por
102 ## - País de publicação
País BR
200 ## - Titulo e menção de responsabilidade
Título próprio Desenvolve a tua Memória
Primeira menção de responsabilidade John S. Ramos
210 ## - Publicação
Local de publicação Rio de Janeiro
Nome do editor Edições de Ouro
Data de publicação [19--?]
215 ## - Descrição física 
Paginação / Volumes 124 p.
225 ## - Colecção 
Título próprio da colecção Selo de Ouro
675 ## - CDU
Notação 159.953
801 ## - Fonte de origem
País PT
Regras de catalogação RPC
990 ## - Elementos KOHA
Tipo de documento Livro
Holdings
Aquisição Empréstimo Código de barras Cota Permissão de empréstimo Tipo de documento
Biblioteca Municipal de Redondo Biblioteca Municipal de Redondo 056011 159.953 RAM   Livro

Powered by Koha